| 000 | nam a22 4500 | ||
|---|---|---|---|
| 999 |
_c8877 _d8877 |
||
| 008 | 180317b ||||| |||| 00| 0 eng d | ||
| 100 |
_926861 _aAquino, Leslie Ann G. |
||
| 245 |
_aTechnical working group created to monitor issues on contractualization/ _cLeslie Ann G. Aquino |
||
| 260 |
_aPhilippines _bManila Bulletin _cc2016 |
||
| 300 | _apage 9. | ||
| 650 | 0 |
_926862 _aEmployment. |
|
| 942 |
_2ddc _cPER |
||